| 000 | 00350nam a2200145Ia 4500 | ||
|---|---|---|---|
| 008 | 230917s9999||||xx |||||||||||||| ||und|| | ||
| 040 |
_e205390 _aMAIN |
||
| 041 | _aEnglish | ||
| 082 | _a574.1925 U1C | ||
| 100 | _aUday Kumar | ||
| 245 | 0 | _aChemistry of enzymes | |
| 260 |
_aNer Delhi _bGlobus Press _c2012 |
||
| 300 | _aviii, 336 p. | ||
| 942 | _cBK | ||
| 999 |
_c174329 _d174329 |
||